[Event "Bayern-chI Bank Hofmann 25th"]
[Site "Tegernsee"]
[Date "2022.11.12"]
[Round "8"]
[White "Meissner, Felix"]
[Black "Cheng, Bobby Sky"]
[Result "1/2-1/2"]
[WhiteElo "2375"]
[BlackElo "2576"]
[PlyCount "120"]
[EventDate "2022.11.05"]
[EventType "swiss"]
[EventRounds "9"]
[EventCountry "GER"]
[SourceTitle "CBM 211 Extra"]
[Source "ChessBase"]
[SourceDate "2023.01.31"]
[SourceVersion "1"]
[SourceVersionDate "2023.01.31"]
[SourceQuality "1"]

1. Nf3 d5 2. g3 Nc6 3. d4 Bf5 4. c3 e6 5. Bg2 h6 6. 0-0 Nf6 7. Nbd2 Be7 8. Ne5 Nxe5 9. dxe5 Nd7 10. e4 dxe4 11. Nxe4 Nxe5 12. Bf4 Nd7 13. Qd4 0-0 14. Rad1 Bxe4 15. Bxe4 Nc5 16. Qc4 Qc8 17. Bc2 c6 18. Be5 Rd8 19. Rxd8+ Qxd8 20. Rd1 Qe8 21. b4 Nd7 22. Bf4 Nf6 23. a4 a5 24. Be5 Rd8 25. Bd4 Rd5 26. bxa5 Rxa5 27. Rb1 Qd7 28. Qb3 b5 29. axb5 Rxb5 30. Qa2 Rxb1+ 31. Qxb1 Nd5 32. Qb8+ Qd8 33. Qxd8+ Bxd8 34. Ba4 c5 35. Bxc5 Nxc3 36. Bc2 g5 37. Kg2 f5 38. Bd4 Nb5 39. Be5 Kf7 40. Ba4 Na3 41. Bb3 Bf6 42. Bd6 Nb5 43. Bb4 Be5 44. h3 Nc7 45. Bd2 Kf6 46. Ba5 Ne8 47. Bd8+ Kf7 48. Ba4 Ng7 49. g4 Bd6 50. Bd7 Be7 51. Ba5 Kg6 52. Bc3 Bf6 53. Bb4 Kf7 54. Bc5 Be5 55. Bb4 Bd4 56. Ba3 h5 57. f3 Be5 58. Bb4 Bf6 59. Ba3 Bd4 60. Bb4 Bf6 1/2-1/2

[Event "Bayern-chI Bank Hofmann 25th"]
[Site "Tegernsee"]
[Date "2022.11.08"]
[Round "4"]
[White "Meissner, Felix"]
[Black "Jinan, Jomon"]
[Result "1-0"]
[WhiteElo "2375"]
[BlackElo "2056"]
[PlyCount "59"]
[EventDate "2022.11.05"]
[EventType "swiss"]
[EventRounds "9"]
[EventCountry "GER"]
[SourceTitle "CBM 211 Extra"]
[Source "ChessBase"]
[SourceDate "2023.01.31"]
[SourceVersion "1"]
[SourceVersionDate "2023.01.31"]
[SourceQuality "1"]

1. e4 e5 2. Nf3 Nc6 3. d4 exd4 4. Bc4 Bc5 5. Ng5 Nh6 6. Nxf7 Nxf7 7. Bxf7+ Kxf7 8. Qh5+ g6 9. Qxc5 d6 10. Qc4+ Be6 11. Qe2 Qf6 12. 0-0 Rae8 13. c3 d5 14. f3 Bf5 15. Qb5 dxe4 16. fxe4 Rxe4 17. Nd2 Re5 18. Qxb7 Rb8 19. Qxc7+ Re7 20. Qg3 dxc3 21. bxc3 Kg8 22. Nc4 Rd7 23. Bg5 Qe6 24. Ne3 Rf7 25. Rae1 Qd7 26. Rd1 Bd3 27. Rxf7 Kxf7 28. Qf4+ Kg8 29. Ng4 Rf8 30. Nf6+ 1-0

[Event "Prague Summer op 9th"]
[Site "Prague"]
[Date "2022.08.10"]
[Round "7"]
[White "Meissner, Felix"]
[Black "Nemeth, Zalan"]
[Result "0-1"]
[WhiteElo "2381"]
[BlackElo "2245"]
[PlyCount "106"]
[EventDate "2022.08.05"]
[EventType "swiss"]
[EventRounds "9"]
[EventCountry "CZE"]
[SourceTitle "CBM 209 Extra"]
[Source "ChessBase"]
[SourceDate "2022.09.30"]
[SourceVersion "1"]
[SourceVersionDate "2022.09.30"]
[SourceQuality "1"]

1. e4 c5 2. Nc3 Nc6 3. f4 g6 4. Nf3 Bg7 5. Bb5 Nd4 6. Bc4 e6 7. Nxd4 cxd4 8. Nb5 d5 9. exd5 exd5 10. Bd3 a6 11. Na3 Ne7 12. 0-0 0-0 13. Qf3 Re8 14. c3 Bf5 15. Nc2 Qb6 16. Kh1 Bxd3 17. Qxd3 Nf5 18. cxd4 Re4 19. Rb1 Rc8 20. b3 Qc7 21. Ne3 Rxd4 22. Qe2 Re4 23. d3 Rxe3 24. Bxe3 Qe7 25. Rbe1 Re8 26. Qd2 Nxe3 27. d4 Nxf1 28. Rxe7 Rxe7 29. Qb4 Bf8 30. Qa5 Re4 31. g3 Ne3 32. Qb6 Nf5 33. Qxb7 Rxd4 34. Qxa6 Ne3 35. Kg1 Rd2 36. Qa5 Rg2+ 37. Kh1 Rf2 38. h3 d4 39. Qe5 Rf1+ 40. Kh2 Rf2+ 41. Kg1 Rxa2 42. Qxd4 Rg2+ 43. Kh1 Rxg3 44. b4 Rxh3+ 45. Kg1 Nf5 46. Qc4 Bd6 47. b5 Rg3+ 48. Kh1 Rf3 49. Qc6 Rf1+ 50. Kg2 Ne3+ 51. Kh3 Bxf4 52. b6 Rf2 53. Qh1 Rg2 0-1

[Event "Prague Summer op 9th"]
[Site "Prague"]
[Date "2022.08.09"]
[Round "6"]
[White "Seitz, Patrick"]
[Black "Meissner, Felix"]
[Result "0-1"]
[WhiteElo "2165"]
[BlackElo "2381"]
[PlyCount "46"]
[EventDate "2022.08.05"]
[EventType "swiss"]
[EventRounds "9"]
[EventCountry "CZE"]
[SourceTitle "CBM 209 Extra"]
[Source "ChessBase"]
[SourceDate "2022.09.30"]
[SourceVersion "1"]
[SourceVersionDate "2022.09.30"]
[SourceQuality "1"]

1. e4 c5 2. Nf3 d6 3. d4 cxd4 4. Nxd4 Nf6 5. Nc3 a6 6. Rg1 b5 7. g4 Bb7 8. Bg2 e6 9. g5 Nfd7 10. h4 b4 11. Nce2 Nc5 12. Ng3 Nbd7 13. h5 Be7 14. f4 h6 15. g6 0-0 16. gxf7+ Rxf7 17. Be3 Qa5 18. Nb3 Qc7 19. Nxc5 Nxc5 20. Qg4 Bf6 21. 0-0-0 Rc8 22. Qe2 Qa5 23. e5 b3 0-1

[Event "Titled Tuesday intern op 28th Jun Late"]
[Site "Chess.com INT"]
[Date "2022.06.28"]
[Round "5"]
[White "Rostovtsev, Dmitry"]
[Black "Meissner, Felix"]
[Result "1-0"]
[WhiteElo "2302"]
[BlackElo "2381"]
[PlyCount "45"]
[EventDate "2022.06.28"]
[EventType "swiss (blitz)"]
[EventRounds "11"]
[EventCountry "USA"]
[SourceTitle "CBM 209 Extra"]
[Source "ChessBase"]
[SourceDate "2022.09.30"]
[SourceVersion "1"]
[SourceVersionDate "2022.09.30"]
[SourceQuality "1"]

1. e4 c6 2. d4 g6 3. Nc3 d5 4. Nf3 dxe4 5. Nxe4 Nf6 6. Bd3 Bg7 7. 0-0 0-0 8. h3 a5 9. a4 Na6 10. c3 Nc7 11. Re1 Ncd5 12. Qe2 Nxe4 13. Bxe4 h6 14. Ne5 Nf6 15. Bd3 Nd7 16. Ng4 h5 17. Nh6+ Kh7 18. Qxh5 f5 19. Qh4 e5 20. Bg5 Bf6 21. Nf7+ Kg7 22. Nxd8 Bxg5 23. Ne6+ 1-0

[Event "Bundesliga 2122"]
[Site "Germany"]
[Date "2022.04.30"]
[Round "5.4"]
[White "Maze, Sebastien"]
[Black "Meissner, Felix"]
[Result "1-0"]
[WhiteElo "2527"]
[BlackElo "2381"]
[PlyCount "47"]
[EventDate "2022.03.05"]
[EventType "team-tourn"]
[EventRounds "15"]
[EventCountry "GER"]
[SourceTitle "EXT 2023"]
[Source "ChessBase"]
[SourceDate "2022.10.05"]
[SourceVersion "1"]
[SourceVersionDate "2022.10.05"]
[SourceQuality "1"]
[WhiteTeam "Viernheim"]
[BlackTeam "Hamburger SK"]
[WhiteTeamCountry "GER"]
[BlackTeamCountry "GER"]

1. e4 c5 2. Nc3 a6 3. g3 b5 4. Bg2 Bb7 5. Nge2 e5 6. f4 d6 7. a4 b4 8. Nd5 Ne7 9. 0-0 Nxd5 10. exd5 Nd7 11. fxe5 dxe5 12. c4 Bd6 13. g4 h5 14. Ng3 hxg4 15. Qxg4 g6 16. Ne4 Be7 17. d3 Nf8 18. Qg3 Rh5 19. Bf3 Rf5 20. Be3 Rc8 21. Bg4 Rxf1+ 22. Rxf1 f5 23. Qxe5 fxg4 24. Rxf8+ 1-0

[Event "Titled Tuesday intern op 23rd Nov"]
[Site "Chess.com INT"]
[Date "2021.11.23"]
[Round "1"]
[White "Suleymanli, Aydin Elshan"]
[Black "Meissner, Felix"]
[Result "1-0"]
[WhiteElo "2541"]
[BlackElo "2381"]
[PlyCount "59"]
[EventDate "2021.11.23"]
[EventType "swiss (blitz)"]
[EventRounds "11"]
[EventCountry "USA"]
[SourceTitle "CBM 205 Extra"]
[Source "ChessBase"]
[SourceDate "2022.01.31"]
[SourceVersion "1"]
[SourceVersionDate "2022.01.31"]
[SourceQuality "1"]

1. c4 g6 2. Nc3 Bg7 3. Nf3 Nf6 4. d4 0-0 5. Bf4 d6 6. h3 b6 7. e3 Bb7 8. Qc2 Nbd7 9. Be2 e6 10. 0-0 Qe7 11. Bh2 a5 12. a3 h5 13. b4 e5 14. c5 exd4 15. cxd6 cxd6 16. Nxd4 Ne5 17. bxa5 bxa5 18. Qd2 Rfc8 19. Ndb5 Ne4 20. Nxe4 Bxe4 21. Nxd6 Rd8 22. Rad1 Rxd6 23. Qxd6 Qg5 24. f3 Qxe3+ 25. Kh1 Qxe2 26. Rfe1 Qb2 27. Rxe4 Qc2 28. Bxe5 Bf8 29. Qd3 Qa2 30. Bc3 1-0

[Event "Bundesliga 1920"]
[Site "Germany"]
[Date "2021.10.17"]
[Round "15.7"]
[White "Meissner, Felix"]
[Black "Jakubowski, Krzysztof"]
[Result "1/2-1/2"]
[WhiteElo "2377"]
[BlackElo "2494"]
[PlyCount "171"]
[EventDate "2019.11.23"]
[EventType "team-tourn"]
[EventRounds "15"]
[EventCountry "GER"]
[SourceTitle "EXT 2022"]
[Source "ChessBase"]
[SourceDate "2021.10.06"]
[SourceVersion "1"]
[SourceVersionDate "2021.10.06"]
[SourceQuality "1"]
[WhiteTeam "Hamburger SK"]
[BlackTeam "Berlin SF"]
[WhiteTeamCountry "GER"]
[BlackTeamCountry "GER"]

1. e4 c6 2. d4 d5 3. e5 Bf5 4. Nc3 e6 5. g4 Bg6 6. Nge2 c5 7. h4 h5 8. Nf4 Bh7 9. g5 Bf5 10. g6 Nc6 11. Bd3 Nh6 12. gxf7+ Kxf7 13. Qxh5+ Kg8 14. Ng6 Rh7 15. Rg1 Bxd3 16. cxd3 Nxd4 17. Qd1 Nhf5 18. Bg5 Qe8 19. h5 Be7 20. Bxe7 Nxe7 21. Qg4 Nxg6 22. hxg6 Rh4 23. Qg3 Qf8 24. 0-0-0 Qf4+ 25. Qe3 Nf3 26. Rg3 Qxe3+ 27. fxe3 Nxe5 28. Rg5 Nf3 29. Rg3 Rf8 30. Nb5 Ne5 31. Nc7 Rf2 32. Rd2 Rhh2 33. Rxf2 Nxd3+ 34. Kc2 Nxf2 35. Rf3 Ne4+ 36. Kc1 Rh1+ 37. Kc2 Rh2+ 38. Kc1 Rg2 39. Nxe6 Rxg6 40. Nc7 Rg1+ 41. Kc2 Rg2+ 42. Kc1 Rg5 43. Ne6 Rg1+ 44. Kc2 Rg2+ 45. Kc1 c4 46. Rf8+ Kh7 47. Rf7 Rg1+ 48. Kc2 Rg2+ 49. Kc1 Nd6 50. Rd7 Nf5 51. Rxb7 Nxe3 52. Rxa7 Kh6 53. a4 Rc2+ 54. Kb1 Rd2 55. Rb7 d4 56. Rb6 g6 57. a5 d3 58. a6 Rd1+ 59. Ka2 Nc2 60. b4 Ra1+ 61. Kb2 Ra3 62. Rc6 Rb3+ 63. Kc1 c3 64. Rc8 g5 65. Nc5 Ra3 66. Nxd3 Nd4 67. Kb1 c2+ 68. Kb2 Rxa6 69. Rc4 Rd6 70. Ne1 Kh5 71. Nxc2 Nxc2 72. Rxc2 g4 73. Rh2+ Kg5 74. Kc3 g3 75. Ra2 Rf6 76. Kd4 Rf2 77. Ra1 g2 78. Rg1 Kf4 79. b5 Kf3 80. Kc5 Rc2+ 81. Kd5 Kf2 82. Rxg2+ Kxg2 83. b6 Rb2 84. Kc6 Kf3 85. b7 Rxb7 86. Kxb7 1/2-1/2

[Event "Bundesliga 1920"]
[Site "Germany"]
[Date "2021.10.16"]
[Round "14.7"]
[White "Loxine, Jakov"]
[Black "Meissner, Felix"]
[Result "1/2-1/2"]
[WhiteElo "2394"]
[BlackElo "2377"]
[PlyCount "65"]
[EventDate "2019.11.23"]
[EventType "team-tourn"]
[EventRounds "15"]
[EventCountry "GER"]
[SourceTitle "EXT 2022"]
[Source "ChessBase"]
[SourceDate "2021.10.06"]
[SourceVersion "1"]
[SourceVersionDate "2021.10.06"]
[SourceQuality "1"]
[WhiteTeam "Dresden TU"]
[BlackTeam "Hamburger SK"]
[WhiteTeamCountry "GER"]
[BlackTeamCountry "GER"]

1. Nf3 Nf6 2. c4 e6 3. g3 c5 4. Bg2 Be7 5. 0-0 0-0 6. Nc3 d6 7. d4 cxd4 8. Nxd4 a6 9. e4 Qc7 10. Be3 Nbd7 11. Rc1 Ne5 12. b3 Neg4 13. Bd2 Ne5 14. Qe2 Bd7 15. Kh1 Nc6 16. Nxc6 Bxc6 17. a4 Be8 18. f4 Nd7 19. g4 Nc5 20. Rb1 Qd8 21. g5 e5 22. f5 Bxg5 23. a5 Nd7 24. Nd5 Bxd2 25. Qxd2 Nf6 26. Nb6 Rb8 27. b4 Bc6 28. Qe2 Qc7 29. Rb3 h6 30. Rc3 Kh7 31. Rfc1 Qe7 32. Rf1 Rbd8 33. Rh3 1/2-1/2

[Event "Bundesliga 1920"]
[Site "Germany"]
[Date "2021.10.14"]
[Round "10.7"]
[White "Meissner, Felix"]
[Black "Kovacs, Gabor2222"]
[Result "1-0"]
[WhiteElo "2377"]
[BlackElo "2457"]
[PlyCount "117"]
[EventDate "2019.11.23"]
[EventType "team-tourn"]
[EventRounds "15"]
[EventCountry "GER"]
[SourceTitle "EXT 2022"]
[Source "ChessBase"]
[SourceDate "2021.10.06"]
[SourceVersion "1"]
[SourceVersionDate "2021.10.06"]
[SourceQuality "1"]
[WhiteTeam "Hamburger SK"]
[BlackTeam "Speyer Schwegenheim"]
[WhiteTeamCountry "GER"]
[BlackTeamCountry "GER"]

1. e4 e5 2. Nf3 Nf6 3. Nxe5 d6 4. Nd3 Nxe4 5. Qe2 Qe7 6. Nf4 Nf6 7. d4 Qxe2+ 8. Bxe2 Bf5 9. c3 Be7 10. Nd2 Nbd7 11. Nc4 h6 12. Ne3 Bh7 13. h4 0-0-0 14. h5 Rde8 15. Bc4 Rhf8 16. f3 Nb6 17. Bb3 c6 18. a4 d5 19. Kf2 Bd6 20. Ne2 Re6 21. a5 Na8 22. Bd2 Rfe8 23. Rae1 Nc7 24. g4 Nb5 25. Ng2 Bc7 26. Ngf4 R6e7 27. a6 bxa6 28. Nc1 Nd7 29. Rxe7 Rxe7 30. Rg1 f6 31. Ncd3 Bd6 32. Ra1 Kb7 33. Bc2 Kb6 34. Ng6 Re8 35. b4 Kb7 36. Nc5+ Nxc5 37. bxc5 Bc7 38. Bf5 Bxg6 39. hxg6 Bd8 40. Re1 Rh8 41. Bd7 Nc7 42. Bf4 h5 43. Kg2 hxg4 44. fxg4 Rh4 45. Kg3 Rh8 46. Kg2 Rh4 47. Bg3 Rh8 48. Bxc7 Kxc7 49. Be8 a5 50. Re6 a4 51. Bxc6 Rh6 52. Bxa4 Rxg6 53. Kg3 Rg5 54. Kf4 g6 55. Bc2 a5 56. Re8 a4 57. Bxa4 f5 58. Bd1 fxg4 59. Bxg4 1-0